The gender politics of development : essays in hope and despair (Record no. 7297)

MARC details
000 -LEADER
fixed length control field 00527 a2200181 4500
001 - CONTROL NUMBER
control field 132963
003 - CONTROL NUMBER IDENTIFIER
control field OSt
005 - DATE AND TIME OF LATEST TRANSACTION
control field 20220329143950.0
008 - FIXED-LENGTH DATA ELEMENTS--GENERAL INFORMATION
fixed length control field
020 ## - INTERNATIONAL STANDARD BOOK NUMBER
International Standard Book Number 9781842778371
082 ## - DEWEY DECIMAL CLASSIFICATION NUMBER
Classification number 305.42
Item number R13G
100 1# - MAIN ENTRY--PERSONAL NAME
Personal name Rai, Shirin M
245 1# - TITLE STATEMENT
Title The gender politics of development : essays in hope and despair
Statement of responsibility, etc by Shirin M Rai
260 ## - PUBLICATION, DISTRIBUTION, ETC. (IMPRINT)
Place of publication, distribution, etc New Delhi
Name of publisher, distributor, etc Zubaan
Date of publication, distribution, etc 2008
300 ## - PHYSICAL DESCRIPTION
Extent 216p.
690 ## - LOCAL SUBJECT ADDED ENTRY--TOPICAL TERM (OCLC, RLIN)
Topical term or geographic name as entry element Women in development; Developing countries; Women-Political activity
942 ## - ADDED ENTRY ELEMENTS (KOHA)
Source of classification or shelving scheme Dewey Decimal Classification
Koha item type Books
Holdings
Withdrawn status Lost status Source of classification or shelving scheme Damaged status Not for loan Collection code Home library Current library Date acquired Source of acquisition Total Checkouts Full call number Barcode Date last seen Price effective from Koha item type
    Dewey Decimal Classification     General Text Book Central University Of Rajasthan Central University Of Rajasthan 24/07/2012 SCW   305.42 R13G 10528 21/11/2024 02/09/2020 Books